Odd Numbers Beat the Clock - Statistics

General Stats
  • This quiz has been taken 21,888 times
    21,882 since last reset
  • The average score is 16 of 25
Answer Stats
Odd Number % Correct
1
99%
3
98%
5
96%
7
95%
9
95%
11
92%
13
91%
15
88%
17
87%
19
84%
21
80%
23
78%
25
71%
27
68%
29
64%
31
58%
33
50%
35
46%
37
41%
39
36%
41
27%
43
22%
45
18%
47
13%
49
11%
No matching quizzes found
Score Distribution
Percent of People with Each Score
Percentile by Number Answered
Your Score History
You have not taken this quiz since the last reset